Normal view
MARC view
Entry Geographic Name
001 - CONTROL NUMBER
- control field: 454
003 - CONTROL NUMBER IDENTIFIER
- control field: ARRUPE
005 - DATE AND TIME OF LATEST TRANSACTION
- control field: 20130918113058.0
008 - FIXED-LENGTH DATA ELEMENTS
- fixed length control field: 130918|| aca||aabn | a|a d
040 ## - CATALOGING SOURCE
- Original cataloging agency: ARRUPE
- Transcribing agency: ARRUPE
151 ## - HEADING--GEOGRAPHIC NAME
- Geographic name: Zimbabwe
- General subdivision: Politics and government
- Chronological subdivision: 1965-1979.
670 ## - SOURCE DATA FOUND
- Source citation: Work cat.: (ARRUPE)0: Caute, David. 453, Under the skin :, 1983.